000 00386nam a2200145 i 4500
001 67914
003 ES-MaACL
007 t|
008 040216s1910 xxk ||||1| eng d
100 1 _aGallichan, Walter M.
_953615
245 1 4 _aThe story of Seville /
_cby Walter M. Gallichan.
260 _aLondon :
_bG. M. Dent,
_c1910.
300 _a262 p. ;
_c17 cm.
852 _aES-MaACL
_jG-13926
999 _c67914
_d67914